New headway plus, (Record no. 5103)
[ view plain ]
| 000 -LEADER | |
|---|---|
| fixed length control field | 01402cam a22004091a 4500 |
| 003 - CONTROL NUMBER IDENTIFIER | |
| control field | EG-ScBUE |
| 005 - DATE AND TIME OF LATEST TRANSACTION | |
| control field | 20220529142059.0 |
| 006 - FIXED-LENGTH DATA ELEMENTS--ADDITIONAL MATERIAL CHARACTERISTICS--GENERAL INFORMATION | |
| fixed length control field | m||||fq||i 00| 0 |
| 008 - FIXED-LENGTH DATA ELEMENTS--GENERAL INFORMATION | |
| fixed length control field | 101014r20062010enka f 000 0 eng d |
| 020 ## - INTERNATIONAL STANDARD BOOK NUMBER | |
| International Standard Book Number | 9780194715577 |
| 020 ## - INTERNATIONAL STANDARD BOOK NUMBER | |
| International Standard Book Number | 9780194716208 (Elementary) |
| 020 ## - INTERNATIONAL STANDARD BOOK NUMBER | |
| International Standard Book Number | 9780194715577 (Elementary) |
| 020 ## - INTERNATIONAL STANDARD BOOK NUMBER | |
| International Standard Book Number | 9780194716246 (Pre-intermediate) |
| 020 ## - INTERNATIONAL STANDARD BOOK NUMBER | |
| International Standard Book Number | 9780194715669 (Pre-intermediate) |
| 040 ## - CATALOGING SOURCE | |
| Original cataloging agency | EG-ScBUE |
| Language of cataloging | eng |
| Description conventions | rda |
| Transcribing agency | EG-ScBUE |
| Modifying agency | EG-ScBUE |
| 082 04 - DEWEY DECIMAL CLASSIFICATION NUMBER | |
| Classification number | 428.24 |
| Item number | SOA |
| Edition number | 22 |
| 100 1# - MAIN ENTRY--PERSONAL NAME | |
| Personal name | Soars, Liz, |
| Dates associated with a name | 1945- |
| Relator term | author. |
| 9 (RLIN) | 13897 |
| 245 10 - TITLE STATEMENT | |
| Title | New headway plus, |
| Name of part/section of a work | Student's book / |
| Statement of responsibility, etc | Liz, John Soars. |
| 246 30 - VARYING FORM OF TITLE | |
| Title proper/short title | Student's book |
| 250 ## - EDITION STATEMENT | |
| Edition statement | Reprint edition. |
| 264 #1 - PUBLICATION, DISTRIBUTION, ETC. (IMPRINT) | |
| Place of publication, distribution, etc | Oxford ; |
| -- | New York : |
| Name of publisher, distributor, etc | Oxford University Press, |
| Date of publication, distribution, etc | 2010. |
| 300 ## - PHYSICAL DESCRIPTION | |
| Extent | 2 volumes : |
| Other physical details | illustrations ; |
| Dimensions | 28 cm + |
| Accompanying material | 1 CD |
| 336 ## - CONTENT TYPE | |
| Source | rdacontent |
| Content type term | text |
| Content type code | txt |
| 336 ## - CONTENT TYPE | |
| Source | rdacontent |
| Content type term | sounds |
| Content type code | snd |
| 337 ## - MEDIA TYPE | |
| Source | rdamedia |
| Media type term | unmediated |
| Media type code | n |
| 337 ## - MEDIA TYPE | |
| Source | rdamedia |
| Media type term | audio |
| Media type code | s |
| 338 ## - CARRIER TYPE | |
| Source | rdacarrier |
| Carrier type term | volume |
| Carrier type code | nc |
| 338 ## - CARRIER TYPE | |
| Source | rdacarrier |
| Carrier type term | computer disc |
| Carrier type code | cd |
| 500 ## - GENERAL NOTE | |
| General note | Includes appendix. |
| 505 0# - FORMATTED CONTENTS NOTE | |
| Formatted contents note | Elementary -- Pre-intermediate. |
| 590 ## - LOCAL NOTE (RLIN) | |
| Local note | Asmaa mohamed |
| 650 #7 - SUBJECT ADDED ENTRY--TOPICAL TERM | |
| Topical term or geographic name as entry element | English language |
| Form subdivision | Textbooks for foreign speakers. |
| Source of heading or term | BUEsh |
| 9 (RLIN) | 20405 |
| 653 ## - INDEX TERM--UNCONTROLLED | |
| Resource For college | Humanities: English |
| Arrived date list | December2019 |
| 655 ## - INDEX TERM--GENRE/FORM | |
| Form subdivision | Reading book |
| 9 (RLIN) | 34232 |
| 700 1# - ADDED ENTRY--PERSONAL NAME | |
| Personal name | Soars, John, |
| Dates associated with a name | 1951- |
| Relator term | author. |
| 9 (RLIN) | 34639 |
| 942 ## - ADDED ENTRY ELEMENTS (KOHA) | |
| Koha item type | NB - Book (Non borrowing) |
| Call number prefix | 428.24 SOA |
| Source of classification or shelving scheme | Dewey Decimal Classification |
| Withdrawn status | Lost status | Source of classification or shelving scheme | Damaged status | Not for loan | Collection code | Home library | Current library | Shelving location | Date acquired | Source of acquisition | Total Checkouts | Full call number | Barcode | Checked out | Date last seen | Date checked out | Price effective from | Koha item type | Total Renewals | Public note | Materials specified (bound volume or other part) |
|---|---|---|---|---|---|---|---|---|---|---|---|---|---|---|---|---|---|---|---|---|---|
| Dewey Decimal Classification | Central Library | Central Library | Second Floor | 07/10/2016 | 9 | 428.24 SOA | 000006271 | 30/01/2014 | 29/01/2014 | 29/01/2014 | 16/10/2007 | NB - Book (Non borrowing) | |||||||||
| Dewey Decimal Classification | Central Library | Central Library | Second Floor | 17/08/2009 | 6 | 428.24 SOA | 000017974 | 11/10/2012 | 20/09/2012 | 20/09/2012 | 17/08/2009 | Book - Borrowing | 1 | ||||||||
| Dewey Decimal Classification | Central Library | Central Library | Second Floor | 17/08/2009 | 2 | 428.24 SOA | 000017971 | 24/08/2022 | 17/09/2012 | 17/08/2009 | CD | DVD - With book (NB) | ||||||||||
| Dewey Decimal Classification | Baccah | Central Library | Central Library | Second Floor | 14/10/2010 | Purchase | 12 | 428.24 SOA | 000006272 | 15/07/2025 | 18/09/2016 | 14/10/2010 | Book - Borrowing | 3 | Elementary | ||||||
| Dewey Decimal Classification | Central Library | Central Library | Second Floor | 14/10/2010 | 1 | 428.24 SOA | 000009885 | 01/01/2020 | 14/10/2010 | 14/10/2010 | 14/10/2010 | Book - Borrowing | 12 | ||||||||
| Dewey Decimal Classification | Central Library | Central Library | Second Floor | 14/10/2010 | 3 | 428.24 SOA | 000022398 | 24/08/2022 | 18/11/2013 | 14/10/2010 | CD | DVD - With book | 2 | |||||||||
| Lost and Paid For | Dewey Decimal Classification | Central Library | Central Library | Second Floor | 14/10/2010 | 3 | 428.24 SOA | 000020805 | 23/10/2013 | 23/10/2013 | 14/10/2010 | CD | DVD - With book | 4 | ||||||||
| Dewey Decimal Classification | unknown | Central Library | Central Library | Second Floor | 14/10/2010 | Purchase | 4 | 428.24 SOA | 000043562 | 24/08/2022 | 20/05/2014 | CD | DVD - With book | 1 | ||||||||
| Dewey Decimal Classification | Central Library | Central Library | Second Floor | 14/10/2010 | 5 | 428.24 SOA | 000029511 | 24/08/2022 | 26/05/2015 | 14/10/2010 | CD | DVD - With book | 1 | |||||||||
| Lost | Dewey Decimal Classification | Central Library | Central Library | Second Floor | 14/10/2010 | 428.24 SOA | 000006770 | 14/10/2010 | 14/10/2010 | CD | DVD - With book | Lost In Inventory_2015-8-23 | ||||||||||
| Dewey Decimal Classification | Donation-Gift | Central Library | Central Library | Second Floor | 15/12/2013 | Donation | 4 | 428.24 SOA | 000035196 | 05/11/2015 | 08/06/2014 | 08/06/2014 | 15/12/2013 | Book - Borrowing | 6 | ||||||
| Dewey Decimal Classification | Donation-Gift | Central Library | Central Library | Second Floor | 15/12/2013 | Donation | 428.24 SOA | 000035197 | 24/08/2022 | 15/12/2013 | CD | DVD - With book | ||||||||||
| Dewey Decimal Classification | Baccah | Central Library | Central Library | Second Floor | 15/09/2015 | Purchase | 1 | 428.24 SOA | 000039802 | 15/07/2025 | 18/09/2016 | Book - Borrowing | Pre-intermediate | ||||||||
| Dewey Decimal Classification | Donation-Gift | Central Library | Central Library | Second Floor | 20/09/2022 | Donation | 428.24 SOA | 000056397 | 15/07/2025 | 20/09/2022 | Book - Borrowing |